000
00316nam a22001337a 4500
008
181217b xxu||||| |||| 00| 0 eng d
020
_a
9780397516902
041
_a
eng
080
_2
3 TH
_a
610.073
100
_a
2
101
_a
INF
245
_a
Disorders Of Thrombosis Hemostasis
_c
Bick.R.L
942
_2
udc
_c
BK
999
_c
53209
_d
53209